Materiales para la historia del arte español / (Record no. 79140)

MARC details
000 -LEADER
campo de control de longitud fija 00946nam a2200241 i 4500
001 - NÚMERO DE CONTROL
campo de control 79140
003 - IDENTIFICADOR DE NÚMERO DE CONTROL
campo de control ES-MaACL
005 - FECHA Y HORA DE LA ÚLTIMA TRANSACCIÓN
campo de control 20251004063124.0
007 - CAMPO FIJO DE DESCRIPCIÓN FÍSICA--INFORMACIÓN GENERAL
campo de control de longitud fija t|
008 - DATOS DE LONGITUD FIJA--INFORMACIÓN GENERAL
campo de control de longitud fija 041019s1930 sp |||| |dspa d
100 1# - ENTRADA PRINCIPAL--NOMBRE DE PERSONA
Nombre de persona Hernández Díaz, José,
Fechas asociadas al nombre 1906-1998
9 (RLIN) 62929
245 10 - MENCIÓN DEL TÍTULO
Título Materiales para la historia del arte español /
Mención de responsabilidad, etc. por José Hernández Díaz.
260 ## - PUBLICACIÓN, DISTRIBUCIÓN, ETC.
Lugar de publicación, distribución, etc. Sevilla :
Nombre del editor, distribuidor, etc. [s.n.,
Fecha de publicación, distribución, etc. 1930] (
Fabricante Imp. Raimundo Blanco)
300 ## - DESCRIPCIÓN FÍSICA
Extensión 122 p. ;
Dimensiones 25 cm.
490 1# - MENCIÓN DE SERIE
Mención de serie Documentos para la historia del arte en Andalucía ;
Designación de volumen o secuencia 2
594 ## - Nota al título y mención de responsabilidad
Nota al título y mención de responsabilidad Precede al tít.: Universidad de Sevilla. Facultad de Filosofía y Letras. Laboratorio de Arte.
650 #4 - PUNTO DE ACCESO ADICIONAL DE MATERIA--TÉRMINO DE MATERIA
Término de materia o nombre geográfico como elemento de entrada Artistas-
Subdivisión geográfica Andalucía.
9 (RLIN) 168622
650 04 - PUNTO DE ACCESO ADICIONAL DE MATERIA--TÉRMINO DE MATERIA
Término de materia o nombre geográfico como elemento de entrada Arte-
Subdivisión geográfica Andalucía.
9 (RLIN) 10073
710 2# - ENTRADA AGREGADA--NOMBRE DE ENTIDAD CORPORATIVA
Nombre de entidad corporativa o nombre de jurisdicción como elemento de entrada Universidad de Sevilla.
Unidad subordinada Laboratorio de Arte.
9 (RLIN) 7311
830 0# - PUNTO DE ACCESO ADICIONAL DE SERIE-TÍTULO UNIFORME
Título uniforme Documentos para la historia del arte en Andalucía ;
Designación de volumen o secuencia 2
9 (RLIN) 231422
852 ## - LOCALIZACIÓN
Ubicación ES-MaACL
Número de control de estantería B-4960
Holdings
Estatus retirado Estado de pérdida Estado de daño No para préstamo Biblioteca de origen Biblioteca actual Ubicación en estantería Fecha de adquisición Fuente de adquisición Total de préstamos Signatura topográfica completa Código de barras Visto por última vez Precio de reemplazo Tipo de ítem Koha
        Biblioteca del Ateneo de Madrid Biblioteca del Ateneo de Madrid Sala Pardo Bazán 17/01/2008     B-4960 1082763 23/02/2023 23/02/2023 Libro impreso